[Event "PRO League Group Stage"]
[Site "chess.com INT"]
[Date "2018.02.03"]
[Round "4"]
[White "Bryant, John Daniel"]
[Black "Shetty, Atulya"]
[Result "1-0"]
[WhiteTitle "IM"]
[BlackTitle "IM"]
[WhiteElo "2437"]
[BlackElo "2389"]
[WhiteTeam "San Diego Surfers"]
[BlackTeam "Pittsburgh Pawngrabbers"]
[WhiteFideId "2031280"]
[BlackFideId "2031213"]
[EventDate "2018.01.18"]

1. e4 e6 2. d4 d5 3. Nd2 c5 4. Ngf3 cxd4 5. Nxd4 Nf6 6. exd5 Nxd5 7. Bb5+ Bd7 8.
O-O Bxb5 9. Nxb5 Nc6 10. c4 Nf6 11. b3 a6 12. Nc3 Bd6 13. Bb2 Qc7 14. Nf3 O-O
15. Qe2 Ne5 16. Nxe5 Bxe5 17. g3 Nd7 18. Rfd1 Rfd8 19. Rac1 Bf6 20. b4 Rac8 21.
c5 b6 22. c6 Qxc6 23. Ne4 Qa8 24. Nxf6+ Nxf6 25. Bxf6 gxf6 26. Qg4+ Kf8 27. Qf4
Kg7 28. Qg4+ Kh8 29. h4 Rxd1+ 30. Rxd1 f5 31. Qf4 Qe4 32. Qg5 Qxb4 33. h5 Qc3
34. h6 Rg8 35. Rd8 Qe1+ 36. Kg2 Qe4+ 37. Kh2 1-0

[Event "PRO League Group Stage"]
[Site "chess.com INT"]
[Date "2018.02.03"]
[Round "4"]
[White "Izoria, Zviad"]
[Black "Molner, Mackenzie"]
[Result "1-0"]
[WhiteTitle "GM"]
[BlackTitle "GM"]
[WhiteElo "2599"]
[BlackElo "2465"]
[WhiteTeam "San Jose Hackers"]
[BlackTeam "Montclair Sopranos"]
[WhiteFideId "13601733"]
[BlackFideId "2021722"]
[EventDate "2018.01.18"]

1. Nf3 Nf6 2. c4 c5 3. g3 Nc6 4. Bg2 d5 5. O-O d4 6. d3 e5 7. e3 Be7 8. exd4
exd4 9. Bf4 O-O 10. Ne5 Nxe5 11. Bxe5 Bd6 12. Bxf6 Qxf6 13. Nd2 Rb8 14. Ne4 Qd8
15. Qh5 b6 16. f4 Be7 17. f5 g6 18. fxg6 hxg6 19. Qh6 Bb7 20. h4 b5 21. Rf4 bxc4
22. Ng5 Bxg5 23. hxg5 1-0

[Event "PRO League Group Stage"]
[Site "chess.com INT"]
[Date "2018.02.03"]
[Round "4"]
[White "Iturrizaga Bonelli, Eduardo"]
[Black "Dominguez Perez, Leinier"]
[Result "0-1"]
[WhiteTitle "GM"]
[BlackTitle "GM"]
[WhiteElo "2650"]
[BlackElo "2739"]
[WhiteTeam "Miami Champions"]
[BlackTeam "Las Vegas Desert Rats"]
[WhiteFideId "3901211"]
[BlackFideId "3503240"]
[EventDate "2018.01.18"]

1. Nf3 d5 2. c4 e6 3. g3 Nf6 4. Bg2 Be7 5. O-O O-O 6. d4 dxc4 7. Ne5 Nc6 8. Nxc6
bxc6 9. Na3 Bxa3 10. bxa3 Ba6 11. Qd2 Rb8 12. Qa5 Rb6 13. a4 Qd6 14. Rd1 Nd5 15.
e4 Qb4 16. Qxb4 Nxb4 17. Bf4 Nd3 18. Bxc7 Rb2 19. Ba5 Rfb8 20. d5 cxd5 21. exd5
exd5 22. Bxd5 Nxf2 23. Bxf7+ Kxf7 24. Rf1 c3 25. Rxf2+ Rxf2 26. Kxf2 c2 27. Rc1
Bd3 28. Ke3 Rb1 29. Bd2 Bf5 30. Kd4 h5 31. h4 Ke6 32. Bf4 a6 33. Bd2 g6 34. a5
Kd6 35. a4 Ke6 36. Kc4 Ke5 37. Bf4+ Ke6 38. Kd4 Rb4+ 39. Kc5 Rb1 40. Kd4 Kf6 41.
Bg5+ Kf7 42. Bd2 Ke7 43. Kd5 Be6+ 44. Kc5 Bb3 45. Kb6 Bc4+ 46. Kc5 Bd3 47. Kd4
Bf5 48. Kd5 Kd7 49. Kc5 Ke6 50. Kc4 Be4 51. Kd4 Kf5 52. Be3 Rb4+ 53. Kc5 Rxa4
54. Rf1+ Kg4 55. Rf4+ Kxg3 56. Kb6 Rb4+ 57. Ka7 Rc4 58. Bc1 Bd3 59. Rf6 Rd4 0-1

[Event "PRO League Group Stage"]
[Site "chess.com INT"]
[Date "2018.02.03"]
[Round "4"]
[White "Dreev, Aleksey"]
[Black "Shimanov, Aleksandr"]
[Result "0-1"]
[WhiteTitle "GM"]
[BlackTitle "GM"]
[WhiteElo "2653"]
[BlackElo "2641"]
[WhiteTeam "San Diego Surfers"]
[BlackTeam "Webster Windmills"]
[WhiteFideId "4100107"]
[BlackFideId "4198603"]
[EventDate "2018.01.18"]

1. d4 d5 2. c4 e6 3. Nc3 Nf6 4. Nf3 c5 5. cxd5 Nxd5 6. e4 Nxc3 7. bxc3 cxd4 8.
cxd4 Bb4+ 9. Bd2 Bxd2+ 10. Qxd2 O-O 11. Rc1 b6 12. Bd3 Bb7 13. O-O Nd7 14. Qf4
h6 15. h3 Rc8 16. Rxc8 Qxc8 17. Rc1 Qb8 18. Qxb8 Rxb8 19. Rc7 Nf6 20. Ne5 Bxe4
21. Bxe4 Nxe4 22. Rxa7 f6 23. Nc6 Re8 24. Rb7 Nc3 25. Nb4 b5 26. Kf1 Rd8 27. Nc6
Ra8 28. Rc7 Ra3 29. g3 Ne4 30. Nd8 Rxa2 31. Nxe6 Rxf2+ 32. Ke1 Rf3 33. Rxg7+ Kh8
34. Rg6 b4 35. Rxh6+ Kg8 36. d5 Rxg3 37. Nd4 b3 38. Nxb3 Rxb3 39. Rh4 Nd6 40.
Ke2 Kg7 41. Ra4 Rxh3 42. Ra6 Nf7 43. Re6 Rh5 0-1

[Event "PRO League Group Stage"]
[Site "chess.com INT"]
[Date "2018.02.03"]
[Round "4"]
[White "Dreev, Aleksey"]
[Black "Liang, Awonder"]
[Result "1-0"]
[WhiteTitle "GM"]
[BlackTitle "GM"]
[WhiteElo "2653"]
[BlackElo "2572"]
[WhiteTeam "San Diego Surfers"]
[BlackTeam "Pittsburgh Pawngrabbers"]
[WhiteFideId "4100107"]
[BlackFideId "2056437"]
[EventDate "2018.01.18"]

1. d4 Nf6 2. Nf3 b6 3. c4 e6 4. a3 c5 5. d5 Ba6 6. Qb3 exd5 7. cxd5 g6 8. Nc3
Bg7 9. Bf4 O-O 10. Bd6 Re8 11. e3 Bxf1 12. Kxf1 Ne4 13. Nxe4 Rxe4 14. Nd2 Re8
15. Nc4 Na6 16. Rd1 Nc7 17. Bg3 b5 18. Nd6 c4 19. Qc2 Rf8 20. h4 h5 21. Bf4 Qf6
22. Ne4 Qb6 23. g4 hxg4 24. h5 f5 25. h6 fxe4 26. hxg7 Rxf4 27. exf4 Kxg7 28.
Qc3+ 1-0

[Event "PRO League Group Stage"]
[Site "chess.com INT"]
[Date "2018.02.03"]
[Round "4"]
[White "Iturrizaga Bonelli, Eduardo"]
[Black "Mamedyarov, Shakhriyar"]
[Result "0-1"]
[WhiteTitle "GM"]
[BlackTitle "GM"]
[WhiteElo "2650"]
[BlackElo "2804"]
[WhiteTeam "Miami Champions"]
[BlackTeam "San Jose Hackers"]
[WhiteFideId "3901211"]
[BlackFideId "13401319"]
[EventDate "2018.01.18"]

1. Nf3 g6 2. c4 Bg7 3. g3 e5 4. Nc3 Nc6 5. Bg2 Nf6 6. d3 O-O 7. O-O d6 8. Rb1 a5
9. a3 Re8 10. Nd2 Be6 11. Nd5 Qd7 12. Nxf6+ Bxf6 13. Ne4 Bg7 14. Bh6 Bh3 15.
Bxg7 Kxg7 16. e3 Bxg2 17. Kxg2 a4 18. Nc3 Nd8 19. h4 Ne6 20. Qf3 c6 21. Rbd1 f5
22. d4 e4 23. Qe2 d5 24. Rc1 Rec8 25. cxd5 cxd5 26. Qb5 Qxb5 27. Nxb5 Rc6 28.
Nc3 Nc7 29. Na2 Rc4 30. Nb4 b5 31. Nc6 Ne8 32. Ne5 h5 33. Nxc4 bxc4 34. Rc2 Rb8
35. Rb1 Nd6 36. Kf1 Kf7 37. Ke2 Ke6 38. Kd2 Kd7 39. Rf1 Rb3 40. Rfc1 Nb5 41. Ra1
Kc6 42. Kc1 Kd6 43. Kd2 Ke6 44. Ke2 Kf6 45. Ra2 Ke6 46. Ra1 Kd6 47. Ra2 Nc7 48.
Ra1 Ne8 49. Ra2 Nf6 50. Rc3 Rb7 51. Rc2 Ng4 52. Ra1 Nh2 53. Rb1 Nf3 54. Rc3 Ke6
55. Kd1 Kf6 56. Ke2 f4 57. gxf4 Nxh4 58. Rc2 Nf3 59. Rh1 Rb3 60. Kf1 Kf5 61. Rh3
h4 62. Re2 Kg4 63. Kg2 c3 64. bxc3 Rb1 65. Rh1 h3+ 0-1

[Event "PRO League Group Stage"]
[Site "chess.com INT"]
[Date "2018.02.03"]
[Round "4"]
[White "Iturrizaga Bonelli, Eduardo"]
[Black "Miroshnichenko, Evgenij"]
[Result "1-0"]
[WhiteTitle "GM"]
[BlackTitle "GM"]
[WhiteElo "2650"]
[BlackElo "2606"]
[WhiteTeam "Miami Champions"]
[BlackTeam "Australia Kangaroos"]
[WhiteFideId "3901211"]
[BlackFideId "14102595"]
[EventDate "2018.01.18"]

1. Nf3 Nf6 2. c4 e6 3. g3 d5 4. Bg2 Be7 5. O-O O-O 6. d4 c6 7. b3 Nbd7 8. Bb2 b6
9. Nbd2 Bb7 10. Re1 c5 11. cxd5 Bxd5 12. e4 Bb7 13. Qe2 cxd4 14. Nxd4 Nc5 15.
Red1 Nfd7 16. Nc4 a5 17. Qe3 Rc8 18. Nb5 Ba6 19. Ncd6 Rb8 20. e5 Bg5 21. f4 Be7
22. Na7 Bxd6 23. Nc6 Qe8 24. Rxd6 Rc8 25. Rad1 Nb8 26. Nxb8 Rxb8 27. Ba3 Bb5 28.
Bxc5 bxc5 29. a4 1-0

[Event "PRO League Group Stage"]
[Site "chess.com INT"]
[Date "2018.02.03"]
[Round "4"]
[White "Iturrizaga Bonelli, Eduardo"]
[Black "Xiong, Jeffery"]
[Result "1/2-1/2"]
[WhiteTitle "GM"]
[BlackTitle "GM"]
[WhiteElo "2650"]
[BlackElo "2634"]
[WhiteTeam "Miami Champions"]
[BlackTeam "Dallas Destiny"]
[WhiteFideId "3901211"]
[BlackFideId "2047640"]
[EventDate "2018.01.18"]

1. Nf3 c5 2. c4 Nf6 3. Nc3 d5 4. cxd5 Nxd5 5. Qb3 e6 6. g3 Nc6 7. Bg2 Nb6 8. O-O
Bd7 9. d3 Be7 10. Bf4 O-O 11. Rfc1 Rc8 12. Ne4 c4 13. dxc4 Na5 14. Qd3 Naxc4 15.
b3 Na3 16. Rxc8 Bxc8 17. Bd6 Nd5 18. Bxe7 Qxe7 19. Rd1 h6 20. Ne5 Qc7 21. Nc4
Nxc4 22. bxc4 Nb4 23. Qc3 Na6 24. Qd4 b6 25. Nc3 Nc5 26. Nb5 Qb8 27. Qd6 Ba6 28.
Qxb8 1/2-1/2

[Event "PRO League Group Stage"]
[Site "chess.com INT"]
[Date "2018.02.03"]
[Round "4"]
[White "Sarana, Alexey"]
[Black "Hambleton, Aman"]
[Result "1-0"]
[WhiteTitle "GM"]
[BlackTitle "IM"]
[WhiteElo "2562"]
[BlackElo "2501"]
[WhiteTeam "Australia Kangaroos"]
[BlackTeam "Montreal Chessbrahs"]
[WhiteFideId "24133795"]
[BlackFideId "2606577"]
[EventDate "2018.01.18"]

1. d4 Nf6 2. Nf3 e6 3. Bf4 d5 4. e3 c5 5. c3 Nc6 6. Nbd2 cxd4 7. exd4 Nh5 8. Be3
Bd6 9. g3 O-O 10. Ne5 Nf6 11. f4 Nd7 12. Bd3 f5 13. O-O Nf6 14. Qb3 Na5 15. Qa4
Ne4 16. Ndf3 Qc7 17. Rac1 a6 18. c4 dxc4 19. Nxc4 Nxc4 20. Bxc4 Qd7 21. Qxd7
Bxd7 22. d5 Rfe8 23. Rfd1 Kf7 24. dxe6+ Bxe6 25. Rxd6 Nxd6 26. Ng5+ Kg6 27. Bxe6
h6 28. Rd1 Rad8 29. Rxd6 Rxd6 30. Bf7+ Kf6 31. Bxe8 hxg5 32. fxg5+ Ke7 33. Bc5 1-0

[Event "PRO League Group Stage"]
[Site "chess.com INT"]
[Date "2018.02.03"]
[Round "4"]
[White "Sarana, Alexey"]
[Black "Boros, Denes"]
[Result "1-0"]
[WhiteTitle "GM"]
[BlackTitle "GM"]
[WhiteElo "2562"]
[BlackElo "2457"]
[WhiteTeam "Australia Kangaroos"]
[BlackTeam "Webster Windmills"]
[WhiteFideId "24133795"]
[BlackFideId "722340"]
[EventDate "2018.01.18"]

1. d4 Nf6 2. Nf3 b6 3. c4 Bb7 4. g3 g6 5. Nc3 d5 6. Bg2 dxc4 7. Qa4+ Nbd7 8.
Qxc4 e6 9. Bf4 Nd5 10. Nxd5 Bxd5 11. Qxc7 Bb4+ 12. Kf1 Qxc7 13. Bxc7 Rc8 14. Bf4
O-O 15. a3 Be7 16. Ne1 Rc4 17. Be3 Bf6 18. Rd1 Rfc8 19. Bxd5 exd5 20. Kg2 b5 21.
Nd3 Nb6 22. b3 Rc3 23. Nc5 Rc2 24. Kf3 Rc3 25. Rd3 Rc2 26. h4 h5 27. Rb1 a5 28.
Nb7 Ra8 29. Bd2 Ra7 30. Nd6 b4 31. axb4 axb4 32. Bxb4 Raa2 33. Re1 Be7 34. Bc5
Nd7 35. b4 Rab2 36. Nc8 Bf6 37. Nd6 Be7 38. Re3 Bf8 39. Re8 Kg7 40. Rd8 Rb3+ 41.
Kg2 Nxc5 42. bxc5 Rbb2 43. Ne8+ Kh7 44. Nf6+ Kg7 45. Nxd5 Rd2 46. c6 Rbc2 47. c7
Rxd4 48. Ne3 1-0

[Event "PRO League Group Stage"]
[Site "chess.com INT"]
[Date "2018.02.03"]
[Round "4"]
[White "Sarana, Alexey"]
[Black "Quesada Perez, Yuniesky"]
[Result "1-0"]
[WhiteTitle "GM"]
[BlackTitle "GM"]
[WhiteElo "2562"]
[BlackElo "2627"]
[WhiteTeam "Australia Kangaroos"]
[BlackTeam "Miami Champions"]
[WhiteFideId "24133795"]
[BlackFideId "3504409"]
[EventDate "2018.01.18"]

1. d4 Nf6 2. Nf3 d5 3. c4 e6 4. Nc3 c6 5. Bg5 Nbd7 6. e3 h6 7. Bh4 g5 8. Bg3 Nh5
9. Be5 Ng7 10. Bg3 Nf5 11. Be5 Ng7 12. cxd5 Nxe5 13. Nxe5 exd5 14. Bd3 Bd6 15.
f4 Be6 16. Qe2 Qb6 17. O-O-O gxf4 18. exf4 O-O-O 19. Bc2 f6 20. Ng6 Rhe8 21. Kb1
Kb8 22. Qf3 Nf5 23. Qf2 Bc8 24. Rd3 h5 25. Nh4 Nxh4 26. Qxh4 Bf5 27. Rd2 Bb4 28.
Qg3 h4 29. Qf3 Bg4 30. Qd3 Re7 31. a3 Bd6 32. Qg6 Bxf4 33. Rd3 Bg5 34. Na4 Qc7
35. Rb3 Qd6 36. Nc5 b6 37. Bf5 Be2 38. Bd3 Rde8 39. Bxe2 Rxe2 40. Qd3 R8e7 41.
Qa6 Qc7 42. Qxe2 Rxe2 43. Na6+ Kb7 44. Nxc7 Kxc7 45. g3 Re4 46. gxh4 Bxh4 47.
Rd3 Kd6 48. Rf1 c5 49. dxc5+ bxc5 50. Rfd1 d4 51. b4 Bg5 52. bxc5+ Kxc5 53. Rb3
Re2 54. Rb4 Be3 55. Rf1 Rxh2 56. Rxf6 d3 57. Rf5+ Kd6 58. Rf1 d2 59. Kc2 Kd5 60.
Kd3 Bh6 61. Rb5+ Kc6 62. Ra5 Kb6 63. Raf5 Rh3+ 64. Kc2 Rh4 65. R5f3 Rc4+ 66. Rc3
Rh4 67. Rb1+ Ka5 68. Rc6 a6 69. Rc3 Ka4 70. Rb6 a5 71. Rb1 Bg5 72. Rg1 Bh6 73.
Rb1 Bg5 74. Rc5 Bh6 75. Rbb5 Kxa3 76. Rxa5+ Kb4 77. Rcb5+ Kc4 78. Rf5 Kb4 79.
Rfb5+ Kc4 80. Rc5+ Kb4 81. Rab5+ Ka4 82. Rb1 Be3 83. Rc8 Ba7 84. Ra1+ Kb4 85.
Rxa7 Rh2 86. Rb7+ Ka5 87. Ra8# 1-0

[Event "PRO League Group Stage"]
[Site "chess.com INT"]
[Date "2018.02.03"]
[Round "4"]
[White "Villanueva, Mario"]
[Black "Holt, Conrad"]
[Result "1-0"]
[WhiteTitle "IM"]
[BlackTitle "GM"]
[WhiteElo "2466"]
[BlackElo "2578"]
[WhiteTeam "Buenos Aires Krakens"]
[BlackTeam "Dallas Destiny"]
[WhiteFideId "113433"]
[BlackFideId "2034387"]
[EventDate "2018.01.18"]

1. e4 e6 2. d4 d5 3. e5 c5 4. c3 Nc6 5. Nf3 Qb6 6. Na3 cxd4 7. cxd4 Bd7 8. Nc2
Rc8 9. Bd3 Nb4 10. Nxb4 Bxb4+ 11. Kf1 Bb5 12. g3 Ne7 13. Kg2 Bxd3 14. Qxd3 Nc6
15. Be3 Be7 16. Rhc1 O-O 17. h4 Nb4 18. Qb3 Rc6 19. Rc3 Rfc8 20. Rac1 Qa6 21. a3
Rxc3 22. Rxc3 Rxc3 23. Qxc3 Nc6 24. Nd2 f6 25. exf6 gxf6 26. Nf3 Qc4 27. Qe1 Qc2
28. Qd2 Qe4 29. Qd1 Bf8 30. Kh2 Qg4 31. Kg2 Qe4 32. Kh2 Qg4 33. Kg2 Ne7 34. Qb3
b6 35. Qa4 Nf5 36. Bf4 e5 37. dxe5 fxe5 38. Nxe5 Nxh4+ 39. Kg1 Nf3+ 40. Nxf3
Qxf3 41. Qd7 Qe4 42. Be3 h5 43. Qc8 Kf7 44. Qd7+ Kg6 45. Qxa7 1-0

[Event "PRO League Group Stage"]
[Site "chess.com INT"]
[Date "2018.02.03"]
[Round "4"]
[White "Sarana, Alexey"]
[Black "Le, Tuan Minh"]
[Result "1-0"]
[WhiteTitle "GM"]
[BlackTitle "IM"]
[WhiteElo "2562"]
[BlackElo "2485"]
[WhiteTeam "Australia Kangaroos"]
[BlackTeam "Pittsburgh Pawngrabbers"]
[WhiteFideId "24133795"]
[BlackFideId "12401153"]
[EventDate "2018.01.18"]

1. d4 d5 2. Nf3 Nf6 3. c4 c6 4. Nc3 a6 5. e3 Bf5 6. Qb3 Ra7 7. Be2 h6 8. O-O e6
9. Bd2 Be7 10. cxd5 cxd5 11. Rfc1 b5 12. a4 b4 13. Nd1 a5 14. Bb5+ Nfd7 15. Ne5
Rb7 16. e4 Bxe4 17. Qg3 Bf6 18. Bf4 g5 19. Nxd7 Nxd7 20. Bc7 Qe7 21. Bd6 Qd8 22.
Rc6 Be7 23. Ba6 Ra7 24. Rc8 Rxa6 25. Rxd8+ Bxd8 26. Rc1 Nf6 27. Bc7 Be7 28. f3
Bg6 29. h4 O-O 30. hxg5 Nh5 31. Qf2 hxg5 32. Ne3 Rc8 33. Qd2 Raa8 34. Ng4 Kh7
35. Ne5 Bf6 36. Nd7 Nf4 37. Nxf6+ Kg7 38. Bxf4 gxf4 39. Nd7 Rxc1+ 40. Qxc1 Rd8
41. Qc7 1-0

[Event "PRO League Group Stage"]
[Site "chess.com INT"]
[Date "2018.02.03"]
[Round "4"]
[White "Miroshnichenko, Evgenij"]
[Black "Pichot, Alan"]
[Result "1-0"]
[WhiteTitle "GM"]
[BlackTitle "GM"]
[WhiteElo "2606"]
[BlackElo "2552"]
[WhiteTeam "Australia Kangaroos"]
[BlackTeam "Buenos Aires Krakens"]
[WhiteFideId "14102595"]
[BlackFideId "110973"]
[EventDate "2018.01.18"]

1. Nf3 d5 2. g3 Bg4 3. Bg2 Nd7 4. d4 e6 5. Nbd2 Ngf6 6. O-O Bd6 7. Re1 O-O 8. e4
dxe4 9. Nxe4 Nxe4 10. Rxe4 Nf6 11. Re1 c6 12. c3 Qa5 13. Qb3 Qc7 14. Ne5 Bf5 15.
Nc4 Be7 16. Bf4 Qd7 17. Rad1 Nd5 18. Bc1 Qc7 19. Ne5 a5 20. a4 h6 21. Bf3 Bh7
22. Kg2 Rad8 23. h4 c5 24. Qb5 cxd4 25. Rxd4 Bf6 26. Rc4 Qd6 27. Bf4 g5 28. hxg5
hxg5 29. Ng4 gxf4 30. Nxf6+ Nxf6 31. Qg5+ Bg6 32. Qxf6 e5 33. Qxd6 Rxd6 34. Rxe5
fxg3 35. Kxg3 b6 36. Rc6 Rxc6 37. Bxc6 Rc8 38. Re8+ Rxe8 39. Bxe8 Kf8 40. Bb5
Ke7 41. Kf4 Kf6 42. b4 Bc2 43. bxa5 bxa5 44. c4 Ke6 45. Ke3 Kd6 46. Kd4 f5 47.
f4 Kc7 48. Kc5 Bb1 49. Be8 Be4 50. Kb5 Bd3 51. Bf7 Kd6 52. Kb6 1-0

[Event "PRO League Group Stage"]
[Site "chess.com INT"]
[Date "2018.02.03"]
[Round "4"]
[White "Brown, Michael William"]
[Black "Gurevich, Daniel"]
[Result "1/2-1/2"]
[WhiteTitle "IM"]
[BlackTitle "IM"]
[WhiteElo "2506"]
[BlackElo "2483"]
[WhiteTeam "San Diego Surfers"]
[BlackTeam "Minnesota Blizzard"]
[WhiteFideId "2037602"]
[BlackFideId "2044676"]
[EventDate "2018.01.18"]

1. d4 d5 2. c4 dxc4 3. Nf3 Nf6 4. e3 e6 5. Bxc4 c5 6. O-O Nc6 7. Bb3 a6 8. Nc3
b5 9. Qe2 Bb7 10. Rd1 Be7 11. d5 exd5 12. Nxd5 Nxd5 13. Bxd5 Qb6 14. e4 O-O 15.
Be3 Nb4 16. Bxb7 Qxb7 17. a3 Nc6 18. Rd5 c4 19. Rad1 Rad8 20. h3 Rfe8 21. Bf4
Bf8 22. Qc2 h6 23. h4 Qc8 24. e5 Rxd5 25. Rxd5 Rd8 26. Rxd8 Nxd8 27. Be3 Ne6 28.
Qc3 Qc6 29. Nd4 Qd5 30. Nxe6 fxe6 31. g3 h5 32. Qa5 Qxe5 33. Qxa6 Qxb2 34. Qxe6+
Kh7 35. Qf5+ Kg8 36. Qd5+ Kh7 37. Qxh5+ Kg8 38. Qd5+ Kh7 39. a4 Qa1+ 40. Kh2
Qxa4 41. Qh5+ Kg8 42. Qd5+ Kh7 43. Qf5+ Kg8 44. Qe6+ Kh7 45. Qf5+ Kg8 46. Qd5+
Kh7 47. Qh5+ Kg8 48. Qd5+ Kh7 1/2-1/2

[Event "PRO League Group Stage"]
[Site "chess.com INT"]
[Date "2018.02.03"]
[Round "4"]
[White "Brown, Michael William"]
[Black "Villanueva, Mario"]
[Result "1-0"]
[WhiteTitle "IM"]
[BlackTitle "IM"]
[WhiteElo "2506"]
[BlackElo "2466"]
[WhiteTeam "San Diego Surfers"]
[BlackTeam "Buenos Aires Krakens"]
[WhiteFideId "2037602"]
[BlackFideId "113433"]
[EventDate "2018.01.18"]

1. d4 Nf6 2. c4 g6 3. Nc3 Bg7 4. e4 O-O 5. Nf3 d6 6. Be2 e5 7. Be3 Na6 8. d5 Nc5
9. Nd2 a5 10. a3 a4 11. Bxc5 dxc5 12. Nxa4 b6 13. b4 cxb4 14. axb4 Bh6 15. Nc3
Rxa1 16. Qxa1 Bg4 17. Bxg4 Nxg4 18. Nf3 Qe7 19. Qb2 f5 20. O-O Nf6 21. Re1 f4
22. Nb5 Re8 23. Na7 Nd7 24. Nc6 Qf6 25. h3 Bf8 26. Ra1 g5 27. Ra7 Bd6 28. Qa2 h6
29. Ra8 Qf8 30. Rxe8 Qxe8 31. Ne1 Qf8 32. Nd3 Kg7 33. Qb2 Qf6 34. Qc3 Qf8 35. c5
bxc5 36. bxc5 Bxc5 37. Ncxe5 Qf6 38. Qa5 Nxe5 39. Qxc7+ Nf7 40. Qxc5 f3 41. Qe3
Qa1+ 42. Kh2 fxg2 43. Kxg2 Nd6 44. Nc5 Qe5 45. Qg3 Qe7 46. Ne6+ Kg6 47. Qe5 Kh5
48. Nf4+ Kh4 49. Qxe7 1-0

[Event "PRO League Group Stage"]
[Site "chess.com INT"]
[Date "2018.02.03"]
[Round "4"]
[White "Miroshnichenko, Evgenij"]
[Black "Lenderman, Aleksandr"]
[Result "1-0"]
[WhiteTitle "GM"]
[BlackTitle "GM"]
[WhiteElo "2606"]
[BlackElo "2611"]
[WhiteTeam "Australia Kangaroos"]
[BlackTeam "Montclair Sopranos"]
[WhiteFideId "14102595"]
[BlackFideId "2021285"]
[EventDate "2018.01.18"]

1. Nf3 d5 2. g3 Nf6 3. Bg2 e6 4. O-O Be7 5. c4 O-O 6. b3 d4 7. e3 c5 8. exd4
cxd4 9. d3 Nc6 10. Re1 Nd7 11. Ba3 e5 12. Bxe7 Qxe7 13. Nbd2 Nc5 14. Qe2 f6 15.
Ne4 Ne6 16. a3 a5 17. Qc2 f5 18. Ned2 Nc5 19. Rab1 Nd7 20. Qb2 Qf6 21. b4 axb4
22. axb4 Ra4 23. b5 Nb4 24. Nxe5 Nxe5 25. Qb3 Ra2 26. Rxe5 Qxe5 27. Qxb4 Be6 28.
Nf3 Qe2 29. Qe1 Rd8 30. Ng5 Bc8 31. Bd5+ Kf8 32. Qb4+ Qe7 33. Re1 Qxb4 34. Nxh7# 1-0

[Event "PRO League Group Stage"]
[Site "chess.com INT"]
[Date "2018.02.03"]
[Round "4"]
[White "Miroshnichenko, Evgenij"]
[Black "Tang, Andrew"]
[Result "1/2-1/2"]
[WhiteTitle "GM"]
[BlackTitle "IM"]
[WhiteElo "2606"]
[BlackElo "2513"]
[WhiteTeam "Australia Kangaroos"]
[BlackTeam "Minnesota Blizzard"]
[WhiteFideId "14102595"]
[BlackFideId "2059630"]
[EventDate "2018.01.18"]

1. Nf3 d5 2. g3 Nf6 3. Bg2 e6 4. O-O Be7 5. c4 O-O 6. b3 c5 7. e3 Nc6 8. Bb2 b6
9. Nc3 dxc4 10. bxc4 Bb7 11. Qe2 Qc7 12. Rfd1 Rfd8 13. Rab1 a6 14. Ba1 Rab8 15.
Ne1 Na7 16. f4 Bxg2 17. Nxg2 Qd7 18. a4 Nc6 19. Nh4 Qc7 20. Nf3 Rd7 21. d3 Rbd8
22. Rd2 Ne8 23. e4 Nd6 24. Nd1 Nb7 25. Nf2 Nba5 26. Bc3 Nb4 27. Ne5 Rd6 28. Qh5
g6 29. Qe2 Nac6 30. Nf3 Nd4 31. Nxd4 Rxd4 32. Bxd4 Rxd4 33. Rb3 Qd7 34. Ra3 a5
35. e5 Kg7 36. Ne4 Bd8 37. Nd6 Rxd6 38. exd6 Bf6 39. Kg2 Qxd6 40. Qf3 h6 41. h4
h5 42. Qe4 Qd7 43. Qf3 Bd4 44. Qe4 Qe7 45. Rb3 Qd7 46. Ra3 Kf8 47. Qa8+ Ke7 48.
Qe4 Kd6 49. Qf3 Ke7 50. Qe4 Bg7 51. Kh2 Bh8 52. Qa8 Bd4 53. Qe4 Kf8 54. Qa8+ Kg7
55. Qe4 Kh6 56. Kg2 Bg7 57. Kh2 Kh7 58. Kg2 Nc6 59. Rb3 f5 60. Qe3 Nb4 61. Re2
Qxa4 62. Rb1 Qc6+ 63. Qf3 Qd7 64. Rd1 a4 65. Qe3 a3 66. Qxe6 Qb7+ 67. Kh2 a2 68.
Qe8 Qf3 69. Re6 Qg4 70. Qf7 Nc6 71. Rxc6 Qe2+ 72. Kh3 Qg4+ 73. Kh2 Qe2+ 74. Kh3
Qg4+ 75. Kh2 Qe2+ 1/2-1/2

[Event "PRO League Group Stage"]
[Site "chess.com INT"]
[Date "2018.02.03"]
[Round "4"]
[White "Miroshnichenko, Evgenij"]
[Black "Caruana, Fabiano"]
[Result "0-1"]
[WhiteTitle "GM"]
[BlackTitle "GM"]
[WhiteElo "2606"]
[BlackElo "2811"]
[WhiteTeam "Australia Kangaroos"]
[BlackTeam "Saint Louis Arch Bishops"]
[WhiteFideId "14102595"]
[BlackFideId "2020009"]
[EventDate "2018.01.18"]

1. Nf3 d5 2. g3 g6 3. Bg2 Bg7 4. d4 Nf6 5. c4 c6 6. cxd5 cxd5 7. Ne5 O-O 8. O-O
e6 9. Nc3 Nfd7 10. f4 Nc6 11. Be3 Nb6 12. Bf2 Ne7 13. a4 a5 14. Qb3 Bd7 15. Rfc1
Bc6 16. Nb5 Nbc8 17. Qa3 Bxb5 18. axb5 Nd6 19. Qa4 Nec8 20. Be1 Nb6 21. Qd1 Nbc4
22. Nxc4 Nxc4 23. b3 Nd6 24. Qd3 Qd7 25. Rxa5 Rxa5 26. Bxa5 Qxb5 27. Qxb5 Bxd4+
28. Kf1 Nxb5 29. e4 Be3 30. Ra1 d4 31. Ke2 Rc8 32. Kd3 Na7 33. e5 Nc6 34. Be1 g5
35. Bxc6 Rxc6 36. fxg5 Rc5 37. Ra5 Rc1 38. Bb4 Kg7 39. Be7 Kg6 40. Rb5 Rc3+ 41.
Ke4 Bg1 42. Rxb7 Re3+ 43. Kf4 Bxh2 44. Bc5 Bxg3+ 0-1

[Event "PRO League Group Stage"]
[Site "chess.com INT"]
[Date "2018.02.03"]
[Round "4"]
[White "Ni, Hua"]
[Black "Bykhovsky, Anatoly"]
[Result "1/2-1/2"]
[WhiteTitle "GM"]
[BlackTitle "GM"]
[WhiteElo "2670"]
[BlackElo "2496"]
[WhiteTeam "Chengdu Pandas"]
[BlackTeam "Montclair Sopranos"]
[WhiteFideId "8601160"]
[BlackFideId "2806991"]
[EventDate "2018.01.18"]

1. e4 c5 2. Nf3 e6 3. d4 cxd4 4. Nxd4 a6 5. c4 Nf6 6. Nc3 Bb4 7. Qd3 Nc6 8. Nxc6
dxc6 9. Qxd8+ Kxd8 10. Bd2 e5 11. O-O-O Ke7 12. f3 Be6 13. a3 Bc5 14. Na4 Bd6
15. c5 Bc7 16. Kc2 Rhd8 17. Be2 Rd4 18. Bb4 Rad8 19. Rxd4 Rxd4 20. b3 Nd7 21.
Bc3 Rxa4 22. bxa4 a5 23. Bd1 Nxc5 24. Kb2 Nd3+ 25. Kc2 Nc5 26. Kb2 Nd3+ 27. Kc2
Nc5 28. Kb2 Nd3+ 1/2-1/2